Premier League Teams 1994-95 - Statistics

General Stats
  • This quiz has been taken 383 times
  • The average score is 18 of 22
Answer Stats
Position Team % Correct
2 Manchester United
99%
12 Arsenal
97%
4 Liverpool
96%
11 Chelsea
95%
17 Manchester City
95%
7 Tottenham Hotspur
95%
15 Everton
91%
18 Aston Villa
90%
6 Newcastle United
90%
14 West Ham United
88%
5 Leeds United
87%
10 Southampton
83%
C Blackburn Rovers
79%
R Norwich City
79%
8 Queens Park Rangers
77%
R Leicester City
74%
3 Nottingham Forest
74%
R Crystal Palace
73%
R Ipswich Town
73%
13 Sheffield Wednesday
73%
9 Wimbledon
69%
16 Coventry City
66%
No matching quizzes found
Score Distribution
Percent of People with Each Score
Percentile by Number Answered
Your Score History
You have not taken this quiz